Modelovanie štátnych procesov pomocou metód zaužívaných v podnikovej praxi diplomová práca

Saved in:
Bibliographic Details
Main Author: Dudek, Daniel, 1999-
Corporate Author: Fakulta hospodárskej informatiky EU. Katedra aplikovanej informatiky
Other Authors: Jurík, Pavol, 1987-
Format: Book
Language:Slovak
Published: Bratislava 2023
Tags: Add Tag
No Tags, Be the first to tag this record!

MARC

LEADER 00000nbm a2200000 4500
001 0294036
005 20240226094318.9
041 0 |a slo 
044 |a SK 
245 1 0 |a Modelovanie štátnych procesov pomocou metód zaužívaných v podnikovej praxi  |b diplomová práca  |c Daniel Dudek ; školiteľ: Pavol Jurík 
264 1 |a Bratislava  |c 2023 
300 |a 84 s. 
100 1 |a Dudek, Daniel, 1999- 
700 1 |a Jurík, Pavol, 1987- 
710 2 |a Fakulta hospodárskej informatiky EU. Katedra aplikovanej informatiky